Los convenios de propiedad intelectual entre España y los países ibero-americanos (Record no. 154585)
[ view plain ]
| 000 -LEADER | |
|---|---|
| campo de control de longitud fija | 00818nam a2200181 i 4500 |
| 001 - NÚMERO DE CONTROL | |
| campo de control | 154585 |
| 003 - IDENTIFICADOR DE NÚMERO DE CONTROL | |
| campo de control | ES-MaACL |
| 005 - FECHA Y HORA DE LA ÚLTIMA TRANSACCIÓN | |
| campo de control | 20251009063056.0 |
| 008 - DATOS DE LONGITUD FIJA--INFORMACIÓN GENERAL | |
| campo de control de longitud fija | 010523s1899 sp |||| | spa d |
| 040 ## - FUENTE DE CATALOGACIÓN | |
| Centro catalogador/agencia de origen | CCPB | B |
| Lengua de catalogación | spa |
| Centro/agencia transcriptor | CCPB | B |
| 100 1# - ENTRADA PRINCIPAL--NOMBRE DE PERSONA | |
| Nombre de persona | González-Hontoria y Fernández Ladreda, Manuel, |
| Fechas asociadas al nombre | 1878-1954 |
| 9 (RLIN) | 58721 |
| 245 14 - MENCIÓN DEL TÍTULO | |
| Título | Los convenios de propiedad intelectual entre España y los países ibero-americanos |
| Resto del título | : estudio hecho por orden del Sr. Ministro de Estado / |
| Mención de responsabilidad, etc. | por Manuel González Hontoria. |
| 260 ## - PUBLICACIÓN, DISTRIBUCIÓN, ETC. | |
| Lugar de publicación, distribución, etc. | Madrid : |
| Nombre del editor, distribuidor, etc. | [s.n.], |
| Fecha de publicación, distribución, etc. | 1899 ( |
| Fabricante | tipografía de Tomás Minuesa de los Ríos) |
| 300 ## - DESCRIPCIÓN FÍSICA | |
| Extensión | 38 p. ; |
| Dimensiones | 25 cm. |
| 650 07 - PUNTO DE ACCESO ADICIONAL DE MATERIA--TÉRMINO DE MATERIA | |
| Término de materia o nombre geográfico como elemento de entrada | Propiedad intelectual |
| Fuente del encabezamiento o término | embne |
| 9 (RLIN) | 16488 |
| 852 ## - LOCALIZACIÓN | |
| Ubicación | ES-MaACL |
| Número de control de estantería | T-917-F-6 |
| Nota libre | -- Enc. hol., conservando la cub. original |
| -- | -- Enc. en un vol. facticio |
| Estatus retirado | Estado de pérdida | Estado de daño | No para préstamo | Colección | Biblioteca de origen | Biblioteca actual | Ubicación en estantería | Fecha de adquisición | Total de préstamos | Signatura topográfica completa | Código de barras | Visto por última vez | Precio de reemplazo | Tipo de ítem Koha |
|---|---|---|---|---|---|---|---|---|---|---|---|---|---|---|
| Colección de folletos | Biblioteca del Ateneo de Madrid | Biblioteca del Ateneo de Madrid | Depósito folletos | 17/01/2008 | T-917-F-6 | 1161677 | 23/02/2023 | 23/02/2023 | Folleto |
